STEEL STRUCTURES (DESING AND DRAWING) (Record no. 5414)

MARC details
000 -LEADER
fixed length control field 00349nam a22001457a 4500
005 - DATE AND TIME OF LATEST TRANSACTION
control field 20170401171600.0
008 - FIXED-LENGTH DATA ELEMENTS--GENERAL INFORMATION
fixed length control field 170401b xxu||||| |||| 00| 0 eng d
020 ## - INTERNATIONAL STANDARD BOOK NUMBER
ISBN 978-93-5014-209-7
041 ## - LANGUAGE CODE
Language code of text/sound track or separate title eng
100 ## - MAIN ENTRY--AUTHOR NAME
Personal name UPADHAYAY, A.K.
245 ## - TITLE STATEMENT
Title STEEL STRUCTURES (DESING AND DRAWING)
260 ## - PUBLICATION, DISTRIBUTION, ETC. (IMPRINT)
Name of publisher S.K. KATARIA
300 ## - PHYSICAL DESCRIPTION
Number of Pages 349
942 ## - ADDED ENTRY ELEMENTS (KOHA)
Koha item type Books
Holdings
Lost status Damaged status Home library Date acquired Source of acquisition Cost, normal purchase price Accession Number Koha item type
    JRU Library 01/04/2017 PURCHESS 195.00 21691 Books